[Event "AUT-chT2O 1920"]
[Site "Austria"]
[Date "2020.03.01"]
[Round "9.2"]
[White "Pingitzer, Harald"]
[Black "Morgunov, Marc"]
[Result "0-1"]
[WhiteElo "2334"]
[BlackElo "2280"]
[PlyCount "120"]
[EventDate "2019.10.19"]
[EventType "team-tourn"]
[EventRounds "11"]
[EventCountry "AUT"]
[SourceTitle "CBM 195 Extra"]
[Source "ChessBase"]
[SourceDate "2020.05.31"]
[SourceVersion "1"]
[SourceVersionDate "2020.05.31"]
[SourceQuality "1"]
[WhiteTeam "Donaustadt"]
[BlackTeam "Tschaturanga"]
[WhiteTeamCountry "AUT"]
[BlackTeamCountry "AUT"]

1. Nf3 Nf6 2. d4 g6 3. g3 Bg7 4. Bg2 0-0 5. 0-0 d6 6. b3 c6 7. c4 Nbd7 8. Bb2 Qc7 9. Nc3 Re8 10. Qd2 e5 11. dxe5 dxe5 12. e3 Nc5 13. Rfd1 e4 14. Ne1 Bg4 15. Ne2 Rad8 16. Qc2 Nd3 17. Nxd3 exd3 18. Rxd3 Bf5 19. e4 Nxe4 20. Bxg7 Nc5 21. Rxd8 Bxc2 22. Rxe8+ Kxg7 23. Nf4 Qa5 24. Rc1 Bf5 25. Re2 Qa3 26. Rd1 a5 27. f3 a4 28. g4 axb3 29. gxf5 bxa2 30. Ra1 Qc3 31. Raxa2 Qd4+ 32. Rf2 Qxf4 33. fxg6 hxg6 34. Bf1 Ne6 35. Rab2 Nd4 36. Rxb7 Nxf3+ 37. Kh1 Qe3 38. Rbb2 Ne5 39. Rbc2 Ng4 40. Rfe2 Qf3+ 41. Kg1 Ne3 42. Rc1 Qg4+ 43. Kf2 Qd4 44. Rxe3 Qd2+ 45. Be2 Qxc1 46. h3 Qd2 47. Rf3 f5 48. Rd3 Qf4+ 49. Kg2 Kh6 50. Rf3 Qe5 51. Rf2 Kg5 52. Bf3 Kh4 53. Bxc6 Qg3+ 54. Kf1 Qxh3+ 55. Kg1 Qg3+ 56. Bg2 Qe3 57. Kf1 Qc1+ 58. Ke2 Qxc4+ 59. Kd1 Kg3 60. Bf1 Qd4+ 0-1

[Event "AUT-chT2O 1617"]
[Site "Austria"]
[Date "2016.10.16"]
[Round "2.3"]
[White "Pingitzer, Harald"]
[Black "Plachetka, Jan"]
[Result "1/2-1/2"]
[WhiteElo "2314"]
[BlackElo "2354"]
[PlyCount "143"]
[EventDate "2016.10.15"]
[EventType "team-tourn"]
[EventRounds "11"]
[EventCountry "AUT"]
[SourceTitle "EXT 2017"]
[Source "ChessBase"]
[SourceDate "2016.10.25"]
[SourceVersion "1"]
[SourceVersionDate "2016.10.25"]
[SourceQuality "1"]
[WhiteTeam "Donaustadt"]
[BlackTeam "Bad Voeslau"]
[WhiteTeamCountry "AUT"]
[BlackTeamCountry "AUT"]

1. d4 Nf6 2. Nf3 g6 3. g3 Bg7 4. Bg2 d5 5. c4 dxc4 6. Na3 c5 7. 0-0 Nc6 8. dxc5 Qa5 9. Nd4 Bd7 10. Nxc6 Bxc6 11. Bxc6+ bxc6 12. Nxc4 Qxc5 13. Qc2 Nd5 14. Bd2 Nb6 15. Rac1 Qxc4 16. Qxc4 Nxc4 17. Rxc4 Bxb2 18. Rb1 Be5 19. Rxc6 Kd7 20. Rc5 Bd6 21. Rb7+ Ke6 22. Ra5 a6 23. Bf4 Bxf4 24. gxf4 Kd6 25. Rb6+ Kc7 26. Rbxa6 Rxa6 27. Rxa6 Rb8 28. Kg2 Rb2 29. Kf3 h5 30. Ra3 Kd6 31. Ra6+ Kd7 32. h3 Rc2 33. Ra3 Kd6 34. Ke3 Rb2 35. Ra8 Ke6 36. Kf3 Rc2 37. a3 Rc3+ 38. e3 Rc2 39. a4 Ra2 40. a5 Kd6 41. a6 Ke6 42. Kg3 Ra3 43. Kg2 Ra2 44. Kf3 Kd6 45. h4 Ke6 46. Kg2 Ra3 47. Kg3 Kf6 48. Kf3 Kf5 49. a7 Ke6 50. Ke4 Ra4+ 51. Kd3 Kf6 52. e4 Ke6 53. f3 Kf6 54. Kc3 Ra3+ 55. Kb4 Ra1 56. Kc5 Ra2 57. Kc6 e6 58. Kd7 Kg7 59. Ke7 Ra3 60. Kd6 Kf6 61. Kc6 Ra1 62. Kb6 Rb1+ 63. Kc5 Rc1+ 64. Kd4 Rd1+ 65. Ke3 Re1+ 66. Kf2 Ra1 67. Kg2 Ra2+ 68. Kg3 Ra1 69. f5 gxf5 70. exf5 Kxf5 71. Rh8 Rxa7 72. Rxh5+ 1/2-1/2

[Event "AUT-chT2O 1516"]
[Site "Austria"]
[Date "2015.11.29"]
[Round "4.2"]
[White "Pingitzer, Harald"]
[Black "Matt, Fabian"]
[Result "1/2-1/2"]
[WhiteElo "2304"]
[BlackElo "2276"]
[PlyCount "32"]
[EventDate "2015.10.17"]
[EventType "team-tourn"]
[EventRounds "11"]
[EventCountry "AUT"]
[SourceTitle "EXT 2017"]
[Source "ChessBase"]
[SourceDate "2016.10.25"]
[SourceVersion "1"]
[SourceVersionDate "2016.10.25"]
[SourceQuality "1"]
[WhiteTeam "Donaustadt"]
[BlackTeam "Tschaturanga"]
[WhiteTeamCountry "AUT"]
[BlackTeamCountry "AUT"]

1. d4 Nf6 2. Nf3 g6 3. g3 Bg7 4. Bg2 0-0 5. 0-0 d6 6. b3 e5 7. dxe5 Nfd7 8. Bb2 Nxe5 9. Nxe5 dxe5 10. c4 c6 11. Nc3 Qe7 12. Qc2 Bf5 13. Be4 Bh3 14. Bg2 Bf5 15. Be4 Bh3 16. Bg2 Bf5 1/2-1/2

[Event "AUT-chT2O 1516"]
[Site "Austria"]
[Date "2015.10.17"]
[Round "1.2"]
[White "Pingitzer, Harald"]
[Black "Groetz, Harald"]
[Result "1-0"]
[WhiteElo "2304"]
[BlackElo "2282"]
[PlyCount "81"]
[EventDate "2015.10.17"]
[EventType "team-tourn"]
[EventRounds "11"]
[EventCountry "AUT"]
[SourceTitle "CBM 168 Extra"]
[Source "ChessBase"]
[SourceDate "2015.10.29"]
[SourceVersion "1"]
[SourceVersionDate "2015.10.29"]
[SourceQuality "1"]
[WhiteTeam "Donaustadt"]
[BlackTeam "Stockerau"]
[WhiteTeamCountry "AUT"]
[BlackTeamCountry "AUT"]

1. c4 c5 2. Nf3 Nf6 3. g3 b6 4. Bg2 Bb7 5. 0-0 e6 6. Nc3 Be7 7. d3 0-0 8. a3 d5 9. cxd5 exd5 10. e3 Nc6 11. Re1 Re8 12. b3 d4 13. exd4 Nxd4 14. Nxd4 Bxg2 15. Ne6 fxe6 16. Kxg2 Qd7 17. Qe2 Rad8 18. Bb2 Bf8 19. Rad1 g6 20. Ne4 Nxe4 21. dxe4 Qc6 22. h4 Bg7 23. Bxg7 Kxg7 24. Qb2+ Kg8 25. Qe5 Rd7 26. h5 Qc7 27. Qg5 Qd8 28. Qg4 Kg7 29. hxg6 hxg6 30. Rxd7+ Qxd7 31. Rh1 Qe7 32. Qh3 Kf7 33. Qh7+ Kf6 34. e5+ Kxe5 35. Qxg6 Qb7+ 36. f3 Rf8 37. Re1+ Kd4 38. Re4+ Kc3 39. Qxe6 b5 40. Qe5+ Kxb3 41. Qxc5 1-0

[Event "AUT-chT2O 1415"]
[Site "Austria"]
[Date "2014.10.18"]
[Round "1.4"]
[White "Polak, Tomas"]
[Black "Pingitzer, Harald"]
[Result "1-0"]
[WhiteElo "2513"]
[BlackElo "2269"]
[PlyCount "81"]
[EventDate "2014.10.18"]
[EventType "team-tourn"]
[EventRounds "11"]
[EventCountry "AUT"]
[SourceTitle "EXT 2015"]
[Source "ChessBase"]
[SourceDate "2014.11.20"]
[SourceVersion "1"]
[SourceVersionDate "2014.11.20"]
[SourceQuality "1"]
[WhiteTeam "Zwettl"]
[BlackTeam "Donaustadt"]
[WhiteTeamCountry "AUT"]
[BlackTeamCountry "AUT"]

1. d4 d5 2. c4 c6 3. Nf3 e6 4. e3 f5 5. Bd3 Nf6 6. 0-0 Nbd7 7. cxd5 cxd5 8. b3 a6 9. Ba3 Bxa3 10. Nxa3 Qe7 11. Nc2 0-0 12. Qc1 Ne4 13. Qb2 g5 14. Ne5 g4 15. f3 gxf3 16. gxf3 Nxe5 17. dxe5 Nc5 18. Be2 Bd7 19. Kh1 Be8 20. Nd4 Bg6 21. Rg1 Rac8 22. Qd2 Kf7 23. Rg3 Qc7 24. b4 Na4 25. f4 Qc3 26. Qd1 Nb2 27. Qg1 Nd3 28. Rd1 Nb2 29. Rb1 Qd2 30. Rg2 Qc3 31. h4 Ke7 32. h5 Bf7 33. Rg7 h6 34. Qg3 Kd7 35. b5 a5 36. b6 Nc4 37. Qg6 Rce8 38. Bxc4 Qxe3 39. Rxf7+ Kc8 40. Rc7+ Kb8 41. Rxb7+ 1-0

[Event "Oberwart op-A 34th"]
[Site "Oberwart"]
[Date "2012.07.12"]
[Round "6"]
[White "Hofmann, Thomas"]
[Black "Pingitzer, Harald"]
[Result "1/2-1/2"]
[WhiteElo "2082"]
[BlackElo "2305"]
[PlyCount "175"]
[EventDate "2012.07.07"]
[EventType "swiss"]
[EventRounds "9"]
[EventCountry "AUT"]
[SourceTitle "CBM 149 Extra"]
[Source "ChessBase"]
[SourceDate "2012.08.24"]
[SourceVersion "1"]
[SourceVersionDate "2012.08.24"]
[SourceQuality "1"]

1. e4 c6 2. d4 d5 3. exd5 cxd5 4. c4 Nf6 5. Nc3 Nc6 6. Nf3 Bg4 7. cxd5 Nxd5 8. Be2 e6 9. 0-0 Be7 10. h3 Bh5 11. Qb3 0-0 12. Nxd5 Qxd5 13. Qxd5 exd5 14. Be3 f5 15. Bd2 Rad8 16. Bc3 Bf6 17. Rad1 Rfe8 18. Rfe1 a6 19. Kf1 g6 20. Ng1 Bxe2+ 21. Rxe2 Kf7 22. f3 b5 23. b3 Rxe2 24. Nxe2 Rc8 25. Bb2 Nb4 26. Rc1 Rxc1+ 27. Nxc1 Nc2 28. Ne2 Ne3+ 29. Kg1 Nd1 30. Bc1 Nc3 31. Nxc3 Bxd4+ 32. Kf1 Bxc3 33. Ke2 Ke6 34. Kd3 Be5 35. Be3 Kd6 36. Bf2 g5 37. g4 Ke6 38. Bb6 Bg3 39. Bd4 Bc7 40. Bc3 Bb6 41. Bg7 Bd8 42. Bd4 Bf6 43. Bb6 Kd6 44. Bf2 a5 45. a4 bxa4 46. bxa4 fxg4 47. fxg4 Kc6 48. Be3 Bd8 49. Bf2 Bb6 50. Be1 Kc5 51. Bf2+ Kc6 52. Be1 Kd6 53. Bc3 Ke6 54. Bb2 Bc7 55. Bd4 Bd8 56. Bc3 Bb6 57. Bb2 Kd6 58. Bf6 h6 59. Bg7 Bd8 60. Bd4 Ke6 61. Bc3 Bb6 62. Bb2 Bc5 63. Bg7 Ba3 64. Bc3 Bb4 65. Bg7 Kf7 66. Bd4 Kg6 67. Be5 Kf7 68. Kd4 Ke6 69. Bg7 Be7 70. Kd3 Bf6 71. Bf8 Ke5 72. Bxh6 Be7 73. Bg7+ Kf4 74. Bc3 Bd8 75. Bd4 Kf3 76. Bc5 Kg3 77. Ke3 Kxh3 78. Kf3 Bf6 79. Be3 d4 80. Bd2 Bd8 81. Be1 Kh2 82. Kf2 d3 83. Bd2 Kh1 84. Kf1 Kh2 85. Kf2 Kh3 86. Kf3 Kh4 87. Be1+ Kh3 88. Bd2 1/2-1/2

[Event "Oberwart op-A 34th"]
[Site "Oberwart"]
[Date "2012.07.08"]
[Round "2"]
[White "Pingitzer, Harald"]
[Black "Palac, Mladen"]
[Result "0-1"]
[WhiteElo "2305"]
[BlackElo "2605"]
[PlyCount "61"]
[EventDate "2012.07.07"]
[EventType "swiss"]
[EventRounds "9"]
[EventCountry "AUT"]
[SourceTitle "CBM 149 Extra"]
[Source "ChessBase"]
[SourceDate "2012.08.24"]
[SourceVersion "1"]
[SourceVersionDate "2012.08.24"]
[SourceQuality "1"]

1. e4 c5 2. Nf3 Nc6 3. d4 cxd4 4. Nxd4 Qb6 5. Nb3 Nf6 6. Nc3 e6 7. Be3 Qc7 8. a3 a6 9. f4 d6 10. g4 b5 11. g5 Nd7 12. Bg2 Nb6 13. Bxb6 Qxb6 14. Qd2 Be7 15. h4 Rb8 16. 0-0-0 b4 17. axb4 Nxb4 18. Qd4 Qxd4 19. Nxd4 g6 20. h5 e5 21. hxg6 fxg6 22. Nf3 exf4 23. Rh4 0-0 24. Ne2 Rb5 25. Rd4 Rxg5 26. Rxf4 Rxg2 27. Rxf8+ Bxf8 28. Nf4 Rxc2+ 29. Kb1 Rf2 30. Rxb4 Rxf3 31. Nd5 0-1

[Event "Vienna Lugner City sim"]
[Site "Vienna"]
[Date "2005.04.16"]
[Round "?"]
[White "Karpov, Anatoly"]
[Black "Pingitzer, Harald"]
[Result "1/2-1/2"]
[WhiteElo "2674"]
[BlackElo "2343"]
[PlyCount "92"]
[EventDate "2005.04.16"]
[EventType "simul"]
[EventRounds "1"]
[EventCountry "AUT"]
[SourceTitle "EXT 2007"]
[Source "ChessBase"]
[SourceDate "2006.11.23"]
[SourceVersion "1"]
[SourceVersionDate "2006.11.23"]
[SourceQuality "1"]

1. d4 c6 2. e4 d5 3. Nd2 dxe4 4. Nxe4 Bf5 5. Ng3 Bg6 6. h4 h6 7. Nf3 Nd7 8. h5 Bh7 9. Bd3 Bxd3 10. Qxd3 e6 11. Bd2 Qc7 12. 0-0-0 0-0-0 13. Qe2 Ngf6 14. Ne5 Nb8 15. Rh4 Bd6 16. Ne4 Bxe5 17. dxe5 Qxe5 18. Bc3 Qf5 19. Re1 Nxe4 20. Rxe4 Qd5 21. Rg4 Rhg8 22. Qe3 Qxh5 23. f3 b6 24. Bxg7 f5 25. Rg3 Kb7 26. Be5 Rxg3 27. Bxg3 Rg8 28. Qe5 Qf7 29. Bf4 Na6 30. g3 Nc7 31. Bxh6 Rd8 32. Bf4 Rd7 33. c4 Rd3 34. Kc2 Rxf3 35. Re2 Rf1 36. Rd2 Rh1 37. Qd4 Rh7 38. a3 Qg7 39. Be5 Qg6 40. Kb3 Qe8 41. Ka2 c5 42. Qf4 Qc6 43. Rd6 Qg2 44. Rd2 Qc6 45. Rd6 Qh1 46. Rd8 Qc6 1/2-1/2

[Event "AUT-chT2O 0405"]
[Site "Austria"]
[Date "2005.04.10"]
[Round "11.1"]
[White "Pingitzer, Harald"]
[Black "Plachetka, Jan"]
[Result "1/2-1/2"]
[WhiteElo "2389"]
[BlackElo "2435"]
[PlyCount "62"]
[EventDate "2004.10.09"]
[EventType "team-tourn"]
[EventRounds "11"]
[EventCountry "AUT"]
[SourceTitle "EXT 2005"]
[Source "ChessBase"]
[SourceDate "2004.11.15"]
[SourceVersion "1"]
[SourceVersionDate "2004.11.15"]
[SourceQuality "1"]
[WhiteTeam "Donaustadt"]
[BlackTeam "Wien Austria"]
[WhiteTeamCountry "AUT"]
[BlackTeamCountry "AUT"]

1. Nf3 c5 2. e3 Nf6 3. b3 g6 4. Bb2 Bg7 5. Be2 Nc6 6. 0-0 0-0 7. c4 b6 8. d4 cxd4 9. Nxd4 Nxd4 10. Bxd4 Bb7 11. Bf3 Qb8 12. Nd2 d6 13. Bxb7 Qxb7 14. Qf3 Qxf3 15. Nxf3 Rfc8 16. Rfd1 Rc7 17. Kf1 Rac8 18. a4 Ne4 19. a5 bxa5 20. Rxa5 Rb8 21. Bxg7 Kxg7 22. Nd4 Nc5 23. Nb5 Rcb7 24. b4 Nd7 25. Rxa7 Rxa7 26. Nxa7 Rxb4 27. Nc6 Rxc4 28. Nxe7 Nf6 29. f3 Kf8 30. Nd5 Nxd5 31. Rxd5 Ke7 1/2-1/2

[Event "AUT-chT2O 0405"]
[Site "Austria"]
[Date "2004.10.09"]
[Round "1.1"]
[White "Polak, Tomas"]
[Black "Pingitzer, Harald"]
[Result "1-0"]
[WhiteElo "2466"]
[BlackElo "2389"]
[PlyCount "95"]
[EventDate "2004.10.09"]
[EventType "team-tourn"]
[EventRounds "11"]
[EventCountry "AUT"]
[SourceTitle "EXT 2005"]
[Source "ChessBase"]
[SourceDate "2004.11.15"]
[SourceVersion "1"]
[SourceVersionDate "2004.11.15"]
[SourceQuality "1"]
[WhiteTeam "Stockerau"]
[BlackTeam "Donaustadt"]
[WhiteTeamCountry "AUT"]
[BlackTeamCountry "AUT"]

1. d4 d5 2. c4 c6 3. Nf3 e6 4. e3 Nf6 5. Bd3 Nbd7 6. 0-0 Bd6 7. Nc3 0-0 8. e4 dxe4 9. Nxe4 Nxe4 10. Bxe4 Nf6 11. Bc2 c5 12. Bg5 Be7 13. Qd3 g6 14. dxc5 Qxd3 15. Bxd3 Rd8 16. Ne5 Kg7 17. b4 b6 18. Be2 Bd7 19. Bf3 Rac8 20. c6 Be8 21. b5 h6 22. Be3 Nh7 23. Rad1 Ng5 24. Be2 Ne4 25. Bd3 Nc3 26. Rd2 f6 27. Nf3 e5 28. Bc2 Rxd2 29. Bxd2 Bb4 30. Be3 Bf7 31. Bb3 Re8 32. Kh1 g5 33. h3 f5 34. Nxe5 Rxe5 35. Bd4 Kf6 36. a3 Ba5 37. c7 Be6 38. c5 Bc8 39. cxb6 axb6 40. Re1 Ne4 41. Re2 Bc3 42. Rxe4 Bxd4 43. Rxd4 Rxb5 44. Rd8 Bb7 45. Bd5 Ba6 46. Bc4 Rb1+ 47. Kh2 b5 48. Rd6+ 1-0